The Consolidation of Democracy in East-Central Europe : (Record no. 615439)

MARC details
000 -LEADER
fixed length control field 00543nam a2200193 a 4500
008 - FIXED-LENGTH DATA ELEMENTS--GENERAL INFORMATION
fixed length control field 260221s1997##################000#0#eng##
020 ## - INTERNATIONAL STANDARD BOOK NUMBER
ISBN 9780521599382
082 04 - DEWEY DECIMAL CLASSIFICATION NUMBER
Classification number 320.947
Item number DAW
100 1# - MAIN ENTRY--AUTHOR NAME
Personal name Dawisha, Karen,
245 10 - TITLE STATEMENT
Title The Consolidation of Democracy in East-Central Europe :
260 ## - PUBLICATION, DISTRIBUTION, ETC. (IMPRINT)
Name of publisher Cambridge University Press,
Year of publication 1997.
300 ## - PHYSICAL DESCRIPTION
Number of Pages 416 pages
650 #0 - SUBJECT ADDED ENTRY--TOPICAL TERM
Topical Term Political Science.
942 ## - ADDED ENTRY ELEMENTS (KOHA)
Koha item type English Books
Holdings
Withdrawn status Lost status Damaged status Not for loan Home library Current library Shelving location Date acquired Full call number Accession Number Price effective from Koha item type
        Anna Centenary Library Anna Centenary Library 3RD FLOOR, B WING 21.02.2026 320.947 DAW 236095 21.02.2026 English Books

Find us on the map